Các nữ doanh nhân thành đạt trên thế giới

Giới thiệu tiểu sử, sự nghiệp các nữ tỷ phú trên thương trường, trong lĩnh vực thiết kế thời trang, nữ tỷ phú trong phim ảnh, thời trang, giải trí, âm nhạc, nữ tỷ phú trong nghề viết,... và con đường đi tới sự vinh quang của các nữ tỷ p...

Deskribapen osoa

Gorde:
Xehetasun bibliografikoak
Formatua: Liburua
Hizkuntza:Undetermined
Argitaratua: Hà Nội Văn hóa Thông tin 2005
Gaiak:
Etiketak: Etiketa erantsi
Etiketarik gabe, Izan zaitez lehena erregistro honi etiketa jartzen!
Thư viện lưu trữ: Trung tâm Học liệu Trường Đại học Cần Thơ
LEADER 00964nam a2200193Ia 4500
001 CTU_101383
008 210402s9999 xx 000 0 und d
020 |c 25000 
082 |a 650.1 
082 |b C101 
245 0 |a Các nữ doanh nhân thành đạt trên thế giới 
245 0 |c Phương Thùy biên soạn 
260 |a Hà Nội 
260 |b Văn hóa Thông tin 
260 |c 2005 
520 |a Giới thiệu tiểu sử, sự nghiệp các nữ tỷ phú trên thương trường, trong lĩnh vực thiết kế thời trang, nữ tỷ phú trong phim ảnh, thời trang, giải trí, âm nhạc, nữ tỷ phú trong nghề viết,... và con đường đi tới sự vinh quang của các nữ tỷ phú 
650 |a Success in business 
904 |i Minh (sửa số pl 650.1/Ph561 thành 650.1/C101) 
980 |a Trung tâm Học liệu Trường Đại học Cần Thơ